000 01004nam a2200349Ii 4500
020 _a002145910x
020 _a0021459010
020 _a0021459118
020 _a0021459029
020 _a0021459126
020 _a0021459037
020 _a0021459134
020 _a0021459045
020 _a0021459142
020 _a0021459053
020 _a0021459150
020 _a002145907x
020 _a0021459177
020 _a0021440700
020 _a0021441804
040 _cIAD
082 _a910 MAC 1991 A104 Or.
245 0 4 _aThe World around us /
260 _aNew York :
_bMacmillan/McGraw-Hill School Publishing Co.,
_cc1991
300 _av :
_bcol. ill., maps ;
_c30 cm. +
_eteacher's annotated ed. (9 v. : col. ill., maps ; 31 cm.)
500 _aIncludes bibliographical references and index
500 _aOverhead transparencies in pockets at front of teacher's editions
650 0 _aSocial sciences
650 0 _aSocial sciences
700 1 _aBeyer, Barry K.,
942 _cEK
999 _c14255
_d14255